[Event "Paulista-chTA"]
[Site "Sao Paulo"]
[Date "2023.03.05"]
[Round "5"]
[White "Costa, Fabio Carvalho"]
[Black "Fascetti, Angelo de Leon Cult"]
[Result "1/2-1/2"]
[WhiteElo "1763"]
[BlackElo "2140"]
[PlyCount "20"]
[EventDate "2023.03.03"]
[EventType "team-tourn"]
[EventRounds "5"]
[EventCountry "BRA"]
[SourceTitle "CBM 213 Extra"]
[Source "ChessBase"]
[SourceDate "2023.05.31"]
[SourceVersion "1"]
[SourceVersionDate "2023.05.31"]
[SourceQuality "1"]
[WhiteTeam "Osasco II"]
[BlackTeam "AXSCS"]
[WhiteTeamCountry "BRA"]
[BlackTeamCountry "BRA"]

1. e4 e6 2. d4 d5 3. Nc3 Be7 4. e5 b6 5. Qg4 g5 6. Qh5 c5 7. Nf3 h6 8. h4 gxh4 9. Bb5+ Kf8 10. Ne2 Ba6 1/2-1/2

[Event "Paulista-chTA"]
[Site "Sao Paulo"]
[Date "2023.03.04"]
[Round "2"]
[White "Dos Santos, Gustavo Mota"]
[Black "Costa, Fabio Carvalho"]
[Result "1-0"]
[WhiteElo "1805"]
[BlackElo "1763"]
[PlyCount "49"]
[EventDate "2023.03.03"]
[EventType "team-tourn"]
[EventRounds "5"]
[EventCountry "BRA"]
[SourceTitle "CBM 213 Extra"]
[Source "ChessBase"]
[SourceDate "2023.05.31"]
[SourceVersion "1"]
[SourceVersionDate "2023.05.31"]
[SourceQuality "1"]
[WhiteTeam "LXSBC"]
[BlackTeam "Osasco II"]
[WhiteTeamCountry "BRA"]
[BlackTeamCountry "BRA"]

1. e4 e6 2. d3 d5 3. Nd2 Nf6 4. Ngf3 Nc6 5. c3 Bd6 6. g3 0-0 7. Bg2 dxe4 8. dxe4 e5 9. 0-0 Be6 10. Re1 a5 11. Nf1 a4 12. Qc2 Qe7 13. Ne3 g6 14. Ng5 b5 15. Nxe6 Qxe6 16. Nd5 Ne7 17. Bd2 Rfd8 18. Qd3 c6 19. Nxf6+ Qxf6 20. Qe3 Qe6 21. h4 f6 22. Kh2 Qc4 23. Bf1 Qc5 24. Qf3 Kf7 25. Be3 1-0

[Event "Osasco Carvalho Memorial"]
[Site "Osasco"]
[Date "2022.02.20"]
[Round "5"]
[White "De Resende, Sidnei"]
[Black "Costa, Fabio Carvalho"]
[Result "0-1"]
[WhiteElo "1679"]
[BlackElo "1800"]
[PlyCount "54"]
[EventDate "2022.02.18"]
[EventType "swiss"]
[EventRounds "6"]
[EventCountry "BRA"]
[SourceTitle "CBM 207 Extra"]
[Source "ChessBase"]
[SourceDate "2022.05.31"]
[SourceVersion "1"]
[SourceVersionDate "2022.05.31"]
[SourceQuality "1"]

1. e4 e6 2. d4 d5 3. Nc3 Nf6 4. exd5 exd5 5. Nce2 Bd6 6. Nf3 Bg4 7. Ne5 Bh5 8. g3 Nbd7 9. Nxd7 Qxd7 10. Bg2 0-0-0 11. 0-0 Rde8 12. f3 Re7 13. Nf4 Rhe8 14. Bh3 Re6 15. Nxh5 Nxh5 16. Bxe6 Qxe6 17. Kg2 Qg6 18. f4 Nf6 19. c3 Qf5 20. Re1 Ne4 21. Qa4 Re6 22. Be3 g5 23. fxg5 h5 24. gxh6 Nxg3 25. hxg3 Qe4+ 26. Kf2 Bxg3+ 27. Kxg3 Rg6+ 0-1

[Event "Osasco Carvalho Memorial"]
[Site "Osasco"]
[Date "2022.02.19"]
[Round "4"]
[White "Costa, Fabio Carvalho"]
[Black "Mobaier, Sergio"]
[Result "1/2-1/2"]
[WhiteElo "1800"]
[BlackElo "1835"]
[PlyCount "69"]
[EventDate "2022.02.18"]
[EventType "swiss"]
[EventRounds "6"]
[EventCountry "BRA"]
[SourceTitle "CBM 207 Extra"]
[Source "ChessBase"]
[SourceDate "2022.05.31"]
[SourceVersion "1"]
[SourceVersionDate "2022.05.31"]
[SourceQuality "1"]

1. d4 d5 2. c4 c6 3. cxd5 cxd5 4. Nc3 Nf6 5. Nf3 Nc6 6. e3 Bg4 7. h3 Bh5 8. g4 Bg6 9. Ne5 e6 10. Bb5 Rc8 11. Qa4 Qb6 12. h4 h6 13. Nxg6 fxg6 14. Qc2 Kf7 15. Qe2 Bb4 16. Bd2 Rhf8 17. 0-0 Kg8 18. Bd3 Ne7 19. Na4 Qa5 20. Bxb4 Qxb4 21. Nc5 Rfe8 22. Nxe6 Nc6 23. a3 Qd6 24. Nc5 Nxd4 25. Qd1 Qxc5 26. exd4 Qxd4 27. Bxg6 Qxd1 28. Raxd1 Re2 29. Rfe1 Rxb2 30. g5 hxg5 31. hxg5 Ne4 32. Rxd5 Nxf2 33. Rde5 Nh3+ 34. Kh1 Nf2+ 35. Kg1 1/2-1/2

[Event "Osasco Carvalho Memorial"]
[Site "Osasco"]
[Date "2022.02.19"]
[Round "2"]
[White "Costa, Fabio Carvalho"]
[Black "Ribeiro, Glauber"]
[Result "1-0"]
[WhiteElo "1800"]
[BlackElo "1563"]
[PlyCount "88"]
[EventDate "2022.02.18"]
[EventType "swiss"]
[EventRounds "6"]
[EventCountry "BRA"]
[SourceTitle "CBM 207 Extra"]
[Source "ChessBase"]
[SourceDate "2022.05.31"]
[SourceVersion "1"]
[SourceVersionDate "2022.05.31"]
[SourceQuality "1"]

1. d4 d5 2. c4 e6 3. Nc3 Nf6 4. cxd5 exd5 5. Bg5 c6 6. e3 Bf5 7. Bd3 Bxd3 8. Qxd3 Be7 9. Nf3 Nbd7 10. 0-0 0-0 11. Rab1 Qc7 12. b4 a6 13. a4 Rac8 14. Rfc1 Rfe8 15. b5 cxb5 16. axb5 Ba3 17. Rc2 axb5 18. Rxb5 Qc4 19. Qxc4 Rxc4 20. Bxf6 Nxf6 21. Ne5 Rc7 22. Kf1 Ne4 23. Rb3 Bd6 24. f3 Bxe5 25. fxe4 Bxh2 26. Kf2 Rxe4 27. Rcb2 Bg1+ 28. Kxg1 Rxe3 29. Nxd5 Re1+ 30. Kf2 Rcc1 31. Rxb7 Rf1+ 32. Kg3 h5 33. Rf2 h4+ 34. Kf3 Rfd1 35. Rb4 Rd3+ 36. Kg4 Rcd1 37. Kxh4 Rh1+ 38. Kg4 g6 39. Rf3 Rd2 40. Rg3 Kg7 41. Ne3 f5+ 42. Kf4 Rh4+ 43. Ke5 Re4+ 44. Kd5 Kh6 1-0